Guess the song by the emojis - Statistics

General Stats
  • This quiz has been taken 51 times
  • The average score is 7 of 15
Answer Stats
Hint Answer % Correct
πŸ’Ž Diamonds
84%
πŸ§ŠπŸ§ŠπŸ‘ΆπŸ» Ice Ice Baby
79%
πŸ’œπŸŒ§οΈ Purple rain
79%
πŸ’§ Water
53%
β¬†οΈπŸŒ†πŸ‘§πŸ» Uptown Girl
51%
πŸ’–πŸ“– Love story
49%
πŸ… Domino
44%
πŸ”™πŸ–€ Back to Black
42%
πŸ”₯πŸͺ° Fireflies
40%
πŸƒπŸ»β€β™€οΈβ€βž‘οΈβ¬†οΈπŸ”οΈ Running Up That Hill
40%
πŸ‘‘ Royals
37%
β˜• Espresso
35%
7οΈβƒ£πŸžοΈπŸͺ– Seven nation army
28%
πŸ‘ƒπŸ»πŸ‘πŸ»πŸ‘¦πŸ»πŸ‘» Smells like teen spirit
7%
⬆️πŸ₯‚ Raise your glass
5%
No matching quizzes found
Score Distribution
Percent of People with Each Score
Percentile by Number Answered
Your Score History
You have not taken this quiz